Up & Down Word Quiz #1 - Statistics

General Stats
  • This quiz has been taken 621 times
  • The average score is 18 of 22
Answer Stats
Hint Answer % Correct
Covers a house Roof
96%
Center of the Solar System Sun
95%
A Boogie, Salsa, or Disco Dance
94%
Bottom of a Room Floor
94%
Mix of Red and Yellow Orange
92%
Opposite of Back Front
91%
Fe, on the Periodic Table Iron
90%
The Male version is called a Rooster Chicken
89%
Highest part of something Top
88%
Round object thrown around Ball
87%
Part of a House, Bed-, Bath-, or Kitchen. Room
87%
Partner, or Friend in Australia Mate
86%
Fun activities to play, such as Soccer, or GTA Game
84%
Individual parts of a sentence, this one has 9. Word
83%
Plot or Scheme Plan
75%
Hidden Fact Secret
74%
Mart or Shop to Purchase Goods within Store
74%
To engage in an activity for fun Play
72%
Worker for the Government Agent
69%
Metal Worker Smith
62%
Stories and Tales in written work Book
56%
Planks, or Panels of Wood Board
42%
No matching quizzes found
Score Distribution
Percent of People with Each Score
Percentile by Number Answered
Your Score History
You have not taken this quiz